000
00290nam a22001097a 4500
082
_a
320.973 SWI'T
100
_a
SWISHER, CARL BRENT
_9
60513
245
_a
THE THEORY AND PRACTICE OF AMERICAN NATIONAL GOVERNMENT
260
_a
NEWYORK
_b
HOUGHTON MIFFLIN
_c
1951
300
_a
949P
942
_c
BK
999
_c
570217
_d
570217